1404 1599 1641 1587 1122 1525 1655 1557 1930 1941 1530 1175 1529 1387 1476 1316 1740 1360 1734 1212 1263 1864 1544 1335 1576 1929 1013 1419 1450 1224 1390 1807 1456 1509 1114 1047 1459 1296 1331 1478 1909 1013 1510 1464 1238 1886 1228 1758 1861 1876 1989 1353 1834 1452 1281 1071 1336 1111 1518 1805 1263 1384 1384 1177 1408 1219 1976 1845 1222 1974 1226 1694 1130 1407 1380 1405 1904 1135 1931 1531 1365 1736 1323 1149 1878 1049 1167 1666 1548 1947 1286 1573 1140 1476 1021 1410 1758 1727 1726 BCNSPRNW ULIB Ver.6.0+V

เปลี่ยนเป็นภาษาไทย

Change to English
 แสดงรายละเอียดบรรณานุกรม
  กลับหน้าหลัก

Brief Record : Get Marc (ISO 2709) : E-mail record : QR code < ปิดหน้าต่าง
LEADER : 00000nam 2200000uu 4500
001    13399115303
003     ULIB
008    120810s2554||||th 000 0 tha d
020    ^a9789743509728
060  4 ^aWD220^bป525ป
100 0  ^aประไพพิมพ์ ธีรคุปต์
245 00 ^aปัญหาสารน้ำ อิเล็กโทรไลต์และโรคไตในเด็ก /^cบรรณาธิการ ประไพพิมพ์ ธีรคุปต์ ... [และคนอื่นๆ]
250    ^aพิมพ์ครั้งที่ 1ฉบับเรียบเรียงครั้งที่ 4
260    ^aกรุงเทพฯ :^bชมรมโรคไตเด็กแห่งประเทศไทย,^c2554
300    ^ax, 460 หน้า :^bภาพประกอบ
650  7 ^aไต, โรค^xในวัยทารกและเด็ก
650  7 ^aน้ำ-อีเล็คทรอลัยท์สมดุล^xในวัยทารกและเด็ก
650  7 ^aน้ำ-อีเล็คทรอลัยท์ไม่สมดุล^xในวัยทารกและเด็ก
650  7 ^aกุมารเวชศาสตร์
700 0  ^aกาญจนา ตั้งนรารัชชกิจ,^eบรรณาธิการ
700 0  ^aอนิรุธ ภัทรากาญจน์,^eบรรณาธิการ
700 0  ^aพรพิมล เรียนถาวร,^eบรรณาธิการ
945    ^p680^l0^i032294
945    ^p680^l0^i032295
945    ^p680^l0^i032296
945    ^p680^l0^i032297
945    ^p680^l0^i032940
995    ^aทศพร
999 ^a ทศพร
รายการนี้ยังไม่มีแท็ก
คุณยังไม่ได้ล็อกอิน คุณสามารถมีกิจกรรมร่วมกับเว็บไซต์ได้ แต่ต้องล็อกอินก่อน ::
  ล็อกอิน

รายการสื่อสารสนเทศ

ลำดับที่ ประเภท เลขเรียก/บาร์โค้ด สถานที่ สถานะ
1. วิทยาศาสตร์การแพทย์ และสุขภาพ
หนังสือสำรอง
สถานะ=หนังสือสำรอง
WD220 ป525ป ฉ.1 
  Barcode: 032294
ห้องสมุดวิทยาเขตสวรรค์ประชารักษ์
►ส่วนจัดเก็บหนังสือเก่า สปร
บนชั้น
  ขอยืม
2. วิทยาศาสตร์การแพทย์ และสุขภาพ
วิทยาศาสตร์การแพทย์ และสุขภาพ
WD220 ป525ป ฉ.2 
  Barcode: 032295
ห้องสมุดวิทยาเขตสวรรค์ประชารักษ์
►ส่วนจัดเก็บหนังสือเก่า สปร
บนชั้น
  ขอยืม
3. วิทยาศาสตร์การแพทย์ และสุขภาพ
วิทยาศาสตร์การแพทย์ และสุขภาพ
WD220 ป525ป ฉ.3 
  Barcode: 032296
ห้องสมุดวิทยาเขตสวรรค์ประชารักษ์
►ส่วนจัดเก็บหนังสือเก่า สปร
บนชั้น
  ขอยืม
4. วิทยาศาสตร์การแพทย์ และสุขภาพ
วิทยาศาสตร์การแพทย์ และสุขภาพ
WD220 ป525ป ฉ.4 
  Barcode: 032297
ห้องสมุดวิทยาเขตสวรรค์ประชารักษ์
►ส่วนจัดเก็บหนังสือเก่า สปร
บนชั้น
  ขอยืม
5. วิทยาศาสตร์การแพทย์ และสุขภาพ
วิทยาศาสตร์การแพทย์ และสุขภาพ
WD220 ป525ป ฉ.5 
  Barcode: 032940
ห้องสมุดวิทยาเขตสวรรค์ประชารักษ์
►ส่วนจัดเก็บหนังสือเก่า สปร
บนชั้น
  ขอยืม

รายการใกล้เคียง
    ผู้แต่ง [ประไพพิมพ์ ธีรคุปต์]

    หัวเรื่อง [กุมารเวชศาสตร์]

BibComment


ยังไม่เคยถูกคอมเมนท์

คอมเมนท์ทรัพยากรรายการนี้
  คอมเมนท์: ปัญหาสารน้ำ อิเล..


 Copyright 2026. Bcnsprnw @Library